000 00798nam a2200253 i 4500
001 7121
003 ES-MaACL
005 20230906145151.0
007 t|
008 900821s1972 fr ||||1| fre d
080 _a90(44)"15"
080 _a901
100 1 _aHuppert, George.
_964758
245 1 2 _aL'Idee de l'histoire parfaite /
_cGeorge Huppert ; traduit de l'americain par Francoise et Paulette Braudel.
260 _aParis :
_bFlammarion,
_c1972.
300 _a216 p. ;
_c22 cm.
490 1 _aNouvelle bibliotheque scientifique
650 4 _aHistoria-
_xFilosofĂ­a.
_913380
700 1 _aBraudel, Françoise.
_931405
700 1 _aBraudel, Paulette.
_931406
830 0 _aNouvelle bibliotheque scientifique
_9177823
852 _aES-MaACL
_jL-14358
_bR.115965
999 _c7121
_d7121